[Event "Orbis-2 GM 2019"]
[Site "Paracin"]
[Date "2019.07.17"]
[Round "6.2"]
[White "Nie, Xinyang"]
[Black "Savic, Miodrag R"]
[Result "1-0"]
[WhiteElo "2375"]
[BlackElo "2503"]
[Annotator "TA"]
[PlyCount "91"]
[EventDate "2019.07.13"]
[EventType "tourn"]
[EventCountry "SRB"]
[SourceTitle "playchess.com"]
[Source "ChessBase"]
[SourceQuality "1"]

{[%evp 10,90,45,39,44,26,73,60,76,40,44,33,33,34,36,5,17,10,17,2,13,-20,0,-20,4,-48,-9,-29,-46,-41,-17,-26,-20,-16,-16,-22,-19,-28,-24,-22,0,-8,-11,-12,-16,-33,2,2,2,0,0,0,0,0,0,0,0,0,27,25,35,39,72,27,176,193,192,142,458,458,951,960,949,941,925,830,746,695,29996,29997,29997,29998,29999]} 1. e4 d5 2. exd5 Qxd5 3. Nc3 Qa5 4. d4 c6 5. Bd2 Nf6 6. Bd3 Qb6 {B01: Scandinavian Defence} (6... Bg4 7. f3 Bh5 8. Nge2 Nbd7 9. Nf4 Bg6 10. Nxg6 hxg6 11. Qe2 e6 12. Ne4 Bb4 13. c3 Be7 14. g3 Nxe4 15. fxe4 {0-1 (38) Dominguez Perez,L (2725)-Ivanchuk,V (2764) Havana 2012}) 7. Nge2 Bg4 8. f3 Bh5 {White is slightly better.} 9. Be3 (9. Na4 $5 {[%cal Ra4b6]} Qd8 10. Nc5 $16) 9... Bg6 10. Bf2 $146 ({Predecessor:} 10. O-O e6 11. Qd2 Bxd3 12. Qxd3 Qa6 13. Qd2 Nbd7 14. Ne4 {0-1 (67) Babault,P (2412)-Todorov,T (2494) Drancy 2016}) 10... Bxd3 11. Qxd3 Qa6 12. Qd2 e6 13. O-O Nbd7 14. Ne4 Be7 15. Rfc1 Rd8 16. c4 O-O 17. Qc3 (17. N2g3 $11) 17... b6 18. Nf4 Nxe4 19. fxe4 Bg5 20. Qg3 Bxf4 21. Qxf4 e5 22. dxe5 Rde8 23. Bd4 Re6 24. b3 Qb7 25. Rf1 Qb8 26. Rad1 Qe8 27. Qg3 c5 28. Bc3 Nxe5 29. Rf5 $36 {[%cal Rc3e5][%mdl 2048] White has good play.} Ng6 30. e5 Qe7 31. Rg5 h6 32. Rg4 Rd8 33. Rd5 h5 34. Rg5 h4 35. Qg4 Re8 36. g3 Qf8 (36... b5 $11 {and Black is okay.}) 37. gxh4 $18 Ne7 38. h5 {And now Rd3 would win.} Nxd5 $4 {[%mdl 8192]} (38... Nc6 $16 39. Qf4 Qe7) 39. cxd5 Rh6 {[#]} (39... Kh8 $142 40. dxe6 Rxe6) 40. e6 $1 {[%cal Rg5g7]} f6 41. Rg6 Rxg6 42. hxg6 {White threatens Qh4 and mate.} Qd6 43. Qh5 {Intending e7! and mate.} Kf8 {[#] Now ...Ke7 and Black clings on.} 44. Bxf6 $1 {[%mdl 512] White mates.} gxf6 45. Qh7 {[%csl Ge6,Gg6][%cal Rh7f7]} Re7 46. Qh8# {Accuracy: White = 42%, Black = 49%.} 1-0

[Event "Orbis-2 GM 2019"]
[Site "Paracin"]
[Date "2019.07.17"]
[Round "6.3"]
[White "Eswaran, Ashritha"]
[Black "Lorparizangeneh, Shahin"]
[Result "0-1"]
[WhiteElo "2257"]
[BlackElo "2494"]
[Annotator "TA"]
[PlyCount "66"]
[EventDate "2019.07.13"]
[EventType "tourn"]
[EventCountry "SRB"]
[SourceTitle "playchess.com"]
[Source "ChessBase"]
[SourceQuality "1"]

{[%evp 12,66,-2,-6,-8,-20,-20,-17,-14,-22,-17,-20,-22,-36,-20,-61,-20,-19,-22,-22,-17,-22,-23,-36,-18,-25,-21,-32,-22,-57,-64,-178,-182,-172,-171,-155,-171,-335,-332,-341,-436,-423,-425,-571,-362,-362,-354,-449,-445,-1037,-1014,-1393,-1387,-29982,-29983,-29996,-29997]} 1. e4 c6 2. d4 d5 3. Nc3 dxe4 4. Nxe4 Bf5 5. Ng3 Bg6 6. f4 e6 7. Nf3 Bd6 {B18: Classical Caro-Kann: 4...Bf5 sidelines} 8. Bd3 Qc7 9. Ne5 Nf6 {The position is equal.} 10. O-O O-O 11. Qe2 $146 ({Predecessor:} 11. Nxg6 hxg6 12. Ne4 Nxe4 13. Bxe4 Nd7 14. Qf3 Nf6 15. Bd3 {0-1 (33) Cappon,J (2239)-Burmakin,V (2594) Lille 2011}) 11... Nbd7 12. Kh1 c5 13. Nxd7 Nxd7 (13... Qxd7 {with more complications.} 14. Be3 Bxd3 15. Qxd3 Rac8 16. dxc5 Bxc5 17. Qxd7 Nxd7 18. Bxc5 Nxc5 19. f5 g6) 14. dxc5 Nxc5 15. Bxg6 hxg6 16. Be3 Rfd8 17. c4 Be7 18. Rfd1 Na4 19. Ne4 e5 20. Rf1 Qc6 21. Nf2 {[#]} ({White should play} 21. Bg1 $15) 21... exf4 $1 $19 22. Bxf4 Bf6 23. Nd1 Rd4 24. Ne3 $2 (24. Rb1 {is a better defense.}) 24... Re8 25. Rae1 {[#]} Nxb2 $1 {[%mdl 512]} 26. Qxb2 {[#] Threatens to win with Bg3.} Rxf4 $1 {[%mdl 512]} 27. Qb3 (27. Rxf4 Bxb2) 27... Rfe4 28. Nc2 Re2 29. Rxe2 Rxe2 {[%csl Ge2][%cal Rc6g2]} 30. Rf3 (30. Ne1 $142 Rb2 31. Qd3) 30... Qe4 {( -> ...Re1+!)} 31. Ne3 Re1+ 32. Nf1 Qe2 33. Kg1 Bd4+ {Accuracy: White = 24%, Black = 85%.} 0-1

[Event "Orbis-2 GM 2019"]
[Site "Paracin"]
[Date "2019.07.17"]
[Round "6.4"]
[White "Audi Ameya"]
[Black "Peng, Xiongjian"]
[Result "0-1"]
[WhiteElo "2328"]
[BlackElo "2467"]
[Annotator "TA"]
[PlyCount "76"]
[EventDate "2019.07.13"]
[EventType "tourn"]
[EventCountry "SRB"]
[SourceTitle "playchess.com"]
[Source "ChessBase"]
[SourceQuality "1"]

{[%evp 19,76,8,50,49,42,44,39,25,22,22,22,-37,-5,-75,-44,-118,-136,-216,0,0,0,0,75,89,109,74,75,72,135,42,146,163,303,299,292,-418,-418,-411,-411,-407,-408,-400,-393,-398,-240,-386,-402,-390,-373,-504,-500,-499,-493,-640,-659,-947,-902,-894,-871]} 1. e4 c5 2. Nf3 d6 3. d4 cxd4 4. Nxd4 Nf6 5. Nc3 a6 6. Be3 e5 7. Nb3 Be7 8. f3 Be6 9. Qd2 O-O 10. O-O-O a5 11. Kb1 {B90: Sicilian Najdorf: Unusual White 6th moves, 6 Be3 Ng4 and 6 Be3 e5} (11. a4 Nc6 12. g4 Nb4 13. g5 Nh5 14. Bb5 Rc8 15. Kb1 f5 16. gxf6 Nxf6 17. Rhg1 d5 18. Bh6 Rf7 19. Qg5 Ng4 20. Qh5 Nxh6 21. Qxh6 {1-0 (41) Yu,Y (2759)-Gao,R (2561) Tianjin 2018}) 11... a4 12. Nc1 Ra5 13. g4 {White is slightly better.} d5 14. g5 Nxe4 15. fxe4 (15. Nxe4 $11 dxe4 16. Qxd8 Rxd8 17. Rxd8+ Bxd8 18. fxe4) 15... d4 $15 {[%mdl 64] Double Attack} 16. Qe1 $146 (16. Bxd4 $11 exd4 17. Qxd4) ({Predecessor:} 16. Qg2 Nd7 17. Nd5 dxe3 18. Nxe3 Bxg5 {½-½ (43) Eames,R (2259)-Lalic,B (2469) London 2011}) 16... Bb4 $17 {[%mdl 64] Pin} (16... Qb6 $6 17. Nd5 $14) 17. Bf2 (17. a3 $15 Bxc3 18. Qxc3 $1 {[%mdl 512]} dxc3 19. Rxd8 Rxd8 20. Bb6 cxb2 21. Bxd8 bxc1=Q+ 22. Kxc1) 17... a3 {Hoping for ...axb2.} 18. Nd3 (18. b3 $17) 18... Nc6 $2 (18... Bxa2+ $1 $19 19. Nxa2 Bxe1 20. Bxe1 Ra7) 19. Nxb4 $11 Nxb4 20. Nd5 Nxd5 (20... Nxc2 $1 $11 {keeps the balance.} 21. Kxc2 Bxd5) 21. exd5 $16 Bxd5 22. b4 Qb6 23. Rg1 {aiming for Ka1.} Rc8 24. c3 ({Better is} 24. Rg3 $1 $16) 24... Rac5 {[#]} ({Don't blunder} 24... Rxc3 $2 25. Qxc3 $1 {[%mdl 512]} Ra8 26. Ka1 $18) (24... Qg6+ $1 $14 25. Bd3 e4) 25. Rg3 $1 R5c7 (25... dxc3 {was worth a try.} 26. Bxc5 Rxc5 27. Rxc3 Qxb4+ 28. Rb3 {[%mdl 64] Discovered Attack} Qxe1 29. Rxe1 Bxb3 30. axb3 h6) 26. Qxe5 $18 Rxc3 27. Rxc3 $4 {[%mdl 8192]} (27. Qxd4 $18 {is the narrow road to win.} Rc2 28. Qxd5 (28. Qxb6 Rb2+ 29. Ka1 Rxa2+ 30. Kb1 Rb2+ 31. Ka1 Ra2+ 32. Kb1 Rb2+ 33. Ka1 Ra2+ $11) 28... Rxf2 29. Rxa3) 27... Qxb4+ $19 {[%mdl 64] Double Attack} 28. Rb3 Bxb3 29. Qxd4 Bc2+ 30. Ka1 {[#]} Qb2+ $1 {[%mdl 512]} 31. Qxb2 axb2+ 32. Kxb2 {Rc1 is the strong threat.} Bxd1 {[%mdl 4096] Endgame KRB-KB} 33. Bd3 Bf3 34. a4 Ra8 {Black is clearly winning.} 35. Bb5 Bd1 36. Ka3 {[#]} Bxa4 $1 37. Kb4 (37. Bxa4 b5) 37... Bxb5 38. Kxb5 Ra2 {Accuracy: White = 41%, Black = 58%.} 0-1

[Event "Orbis-2 GM 2019"]
[Site "Paracin"]
[Date "2019.07.17"]
[Round "6.5"]
[White "Lee, Jun Hyeok"]
[Black "Djordjevic, Vuk"]
[Result "1-0"]
[WhiteElo "2383"]
[BlackElo "2412"]
[Annotator "TA"]
[PlyCount "94"]
[EventDate "2019.07.13"]
[EventType "tourn"]
[EventCountry "SRB"]
[SourceTitle "playchess.com"]
[Source "ChessBase"]
[SourceQuality "1"]

{[%evp 17,94,0,73,70,83,75,108,93,135,106,103,97,150,137,160,111,139,147,137,152,206,202,245,222,216,162,193,132,139,141,157,150,195,188,266,269,249,250,260,271,272,276,316,0,251,228,281,287,244,0,197,183,229,196,344,320,320,307,341,318,300,239,420,420,399,383,382,374,397,290,358,239,352,304,314,273,268,241,253]} 1. e4 e6 2. d4 d5 3. e5 c5 4. c3 Nc6 5. Nf3 Qb6 6. a3 Nh6 7. b4 cxd4 8. Bxh6 gxh6 9. cxd4 Rg8 (9... Bd7 $1 $11 {keeps the balance.}) 10. Nc3 $16 {[%cal Bb1c3,Bc3a4,Ba4c5,Bc5d3,Bd3f4][%mdl 32] C02: French: Advance Variation} (10. h3 Bd7 11. g3 Rc8 12. Ra2 Be7 13. Be2 f6 14. exf6 Bxf6 15. Rd2 a5 16. bxa5 Nxa5 17. Kf1 Qb3 {1-0 (36) Piorun,K (2633)-Jarmula,L (2499) Katowice 2018}) 10... Bd7 {[#]} 11. Na4 $1 {[%cal Ra4b6]} Qd8 12. g3 {White is better.} Na5 $146 ({Predecessor:} 12... h5 13. Bd3 Rg4 14. Bxh7 f5 15. exf6 Qxf6 16. Nc5 Nxd4 17. Nxd4 Bxc5 18. bxc5 Rxd4 19. Qxh5+ {0-1 (42) Khruschiov,A (2373)-Chebotarev,O (2512) Lipetsk 2018}) 13. Bd3 Nc4 14. O-O a5 (14... h5 $142) 15. Nc5 ({Much weaker is} 15. Bxh7 $6 Rh8 $11) 15... Bc6 16. Bxh7 Rg7 17. Bc2 Qb6 18. Nd3 Rc8 (18... Rg8 $16 19. Ba4 Be7 20. Bxc6+ Qxc6) 19. Nf4 $18 Be7 20. Nh5 Rg8 21. Qd3 Rh8 22. bxa5 (22. Rfb1 $18) 22... Qxa5 $16 23. a4 Bd7 24. Rfb1 Qc7 25. Bd1 Na5 (25... Kd8 $142 26. Be2 Ra8) 26. Qd2 $18 Qc3 27. Qf4 Qd3 28. Nf6+ Kd8 29. Ne1 Qc3 30. Nf3 $2 {[#]} (30. Bh5 $18) 30... Bc6 $2 {[%mdl 8192]} (30... Qd3 $1 $11 {and Black is okay.}) 31. h4 Nc4 32. Rc1 Qd3 33. Rcb1 $2 ({Better is} 33. a5 $18) 33... Kc7 $2 (33... Qc3 $1 $11 {and Black has nothing to worry.}) 34. Rb3 $36 {[%mdl 2048] White is on the roll.} Qg6 35. Rc3 Ra8 (35... Qf5 $142) 36. Bc2 Qg7 37. Bb3 Bb4 38. Rcc1 Nb6 39. Ne1 Bxe1 $2 (39... Kb8 {was worth a try.} 40. Nd3 Ba5) 40. Rxe1 Ra5 41. Rec1 Rha8 42. Rab1 Kd8 43. Qd2 Qf8 44. Qc3 Qa3 (44... Nxa4 $142 45. Qd2 (45. Bxa4 Rxa4 46. Qd2 Ra2 $18) 45... Nb6) 45. Ra1 Qf8 46. h5 Nd7 47. Ng4 Qg7 {Accuracy: White = 74%, Black = 54%.} 1-0

[Event "Orbis-2 GM 2019"]
[Site "Paracin"]
[Date "2019.07.18"]
[Round "8.3"]
[White "Audi Ameya"]
[Black "Savic, Miodrag R"]
[Result "1-0"]
[WhiteElo "2328"]
[BlackElo "2503"]
[Annotator "TA"]
[PlyCount "80"]
[EventDate "2019.07.13"]
[EventType "tourn"]
[EventCountry "SRB"]
[SourceTitle "playchess.com"]
[Source "ChessBase"]
[SourceQuality "1"]

{[%evp 9,80,47,42,12,12,9,46,31,25,37,45,51,72,57,62,0,52,53,55,43,43,46,64,72,69,71,89,91,95,-65,-77,-147,-143,-325,-312,-346,-320,-372,-372,-372,-192,-364,-231,-228,-104,-120,-9,0,0,0,0,0,58,58,64,36,183,172,250,189,853,835,800,750,6083,6158,5097,2719,2838,2384,29983,29984,29982]} 1. e4 d5 2. exd5 Qxd5 3. Nc3 Qd8 4. d4 Nf6 5. Bc4 a6 6. a4 {B01: Scandinavian Defence} (6. Bg5 h6 7. Bxf6 exf6 8. Nf3 Bb4 9. O-O Bxc3 10. bxc3 O-O 11. Re1 Nc6 12. Nh4 Na5 13. Bd3 {1-0 (21) Nakamura,H (2789)-Shaw,J (2454) Baku 2016}) 6... Bg4 7. f3 $146 ({Predecessor:} 7. Nge2 e6 8. Bg5 Be7 9. Qd2 Nbd7 10. f3 Bf5 11. g4 Bg6 12. h4 h5 13. Bxf6 Bxf6 {½-½ (35) Igonin,T (1986)-Akhvlediani,I (1791) Maribor 2012}) 7... Bc8 8. Nge2 {White is slightly better.} e6 9. O-O Nbd7 10. a5 Be7 11. Nf4 Nf8 12. Qe2 (12. Ne4 $14) 12... Ng6 ({But not} 12... g5 $6 13. Nh3 $16) ({Black should play} 12... Qxd4+ $11 13. Be3 Qe5) 13. Rd1 $14 O-O 14. d5 Bc5+ 15. Kh1 {Threatens to win with Nxg6.} e5 16. Nxg6 hxg6 17. Qxe5 Re8 18. Qg5 Bf5 19. Bf4 $2 (19. Bb3 $16) 19... Be7 $1 $15 20. Bg3 (20. d6 $142 cxd6 21. Bg3) 20... Ne4 $36 {[%mdl 2048] White is under strong pressure.} 21. Qc1 $2 (21. Qe3 $17 {was the only defense.} Bc5 22. Qe1 Nf2+ {[%mdl 64] Discovered Attack} 23. Bxf2 Rxe1+ 24. Bxe1) 21... Nxg3+ $19 22. hxg3 Bd6 23. Ne2 Qf6 24. Qd2 {[#]} g5 (24... Rxe2 $142 $1 {[%mdl 512]} 25. Bxe2 Bxg3) 25. b4 $2 (25. c3 {was worth a try.}) 25... Re7 26. Kg1 g4 (26... Rae8 $19 {has better winning chances.} 27. Kf2 g4) 27. f4 $17 {[#]} Re4 (27... Rae8 $1 $17 {Strongly threatening ...Re4.} 28. Rab1 Re4) 28. Nd4 $11 Bxb4 (28... Rae8 {keeps more tension.} 29. c3 Bd7 30. Qf2 Re3 31. Rd3 R3e7) 29. Qxb4 Rxd4 30. Qxb7 Re8 (30... Rd8 $1 $11 31. Bb3 (31. Qxa6 Qxa6 32. Bxa6 Rxd1+ 33. Rxd1 Ra8 $14) (31. Bxa6 $2 Bxc2 32. Re1 R4xd5 $19) 31... Qe7 32. Rxd4 Qe3+ 33. Kf1 Qxd4) 31. Qxa6 $14 Rxd1+ 32. Rxd1 {aiming for Qxf6.} Qc3 (32... Qxa6 $1 $14 33. Bxa6 Ra8) 33. Qc6 $18 {[%mdl 64] Double Attack} Re3 {[#]} (33... Rc8 {keeps fighting.} 34. Bd3 {[%mdl 64] Discovered Attack} Qxc6 35. dxc6 Bxd3) 34. Bd3 $1 {[%mdl 64] Discovered Attack} ({Not} 34. Qxc7 Qxc2 35. Qd8+ Kh7 $11) 34... Re1+ $2 (34... Qd4 35. Kh2 g6 36. Qa8+ (36. Qxc7 Qh8+ 37. Kg1 Qd4 $16) 36... Kg7) 35. Rxe1 Qxe1+ 36. Kh2 Bxd3 37. Qa8+ Kh7 38. cxd3 Qa1 39. a6 g5 40. fxg5 Qe5 {Accuracy: White = 50%, Black = 28%.} 1-0

[Event "Orbis-2 GM 2019"]
[Site "Paracin"]
[Date "2019.07.18"]
[Round "8.4"]
[White "Lee, Jun Hyeok"]
[Black "Lorparizangeneh, Shahin"]
[Result "0-1"]
[WhiteElo "2383"]
[BlackElo "2494"]
[Annotator "TA"]
[PlyCount "42"]
[EventDate "2019.07.13"]
[EventType "tourn"]
[EventCountry "SRB"]
[SourceTitle "playchess.com"]
[Source "ChessBase"]
[SourceQuality "1"]

{[%evp 9,66,20,16,14,25,21,26,0,0,-21,0,0,0,-70,-68,-78,-81,-62,-60,-76,-75,-75,-55,-109,-4,-90,-67,-105,-104,-96,-104,-166,-152,-161,-149,-221,-214,-214,-176,-177,-199,-305,-293,-512,-499,-496,-406,-977,-950,-901,-679,-554,-644,-2842,-2926,-2218,-2186,-29998,-29999]} 1. Nf3 Nf6 2. c4 b6 3. g3 Bb7 4. Bg2 g6 5. d4 Bg7 6. d5 {A50: Queen's Fianchetto Defence (1 d4 Nf6 2 c4 b6)} (6. O-O O-O 7. Qc2 e6 8. Nc3 d5 9. Ne5 c6 10. Rd1 Nbd7 11. e4 dxe4 12. Nxe4 Nxe4 13. Bxe4 Qc7 14. Nxd7 Qxd7 15. Be3 {1-0 (47) Xiong,J (2672)-Mamedyarov,S (2817) chess.com INT 2019}) 6... Ne4 7. Qc2 f5 8. Nbd2 {White has an edge.} Nd6 9. e4 O-O $146 ({Predecessor:} 9... e6 10. O-O O-O 11. Rb1 a5 12. Ne1 Na6 13. Nd3 Nb4 14. Nxb4 axb4 {½-½ (47) Kozlov,O (2279)-Speelman,J (2525) Caleta 2010}) 10. exf5 Nxf5 11. Nb3 (11. Ne4 $11) 11... a5 $15 12. g4 a4 13. gxf5 axb3 14. Qxb3 {And now fxg6 would win.} Rxf5 15. Be3 Na6 16. Nd4 (16. O-O $15) 16... Rf8 ({Black should try} 16... Nc5 $17 17. Qd1 Bxd4 18. Bxd4 e5 19. Bxc5 bxc5) 17. a3 {[#]} (17. h4 $1 $11) 17... e6 $1 {[%mdl 512] Hoping for ...Qh4.} 18. O-O (18. dxe6 Bxg2) 18... Nc5 19. Qc2 Qh4 20. Ne2 (20. Rad1 $17) 20... exd5 $19 21. cxd5 Rae8 {Played: Bb7-a6} 0-1

[Event "Orbis-2 GM 2019"]
[Site "Paracin"]
[Date "2019.07.18"]
[Round "8.5"]
[White "Djordjevic, Vuk"]
[Black "Peng, Xiongjian"]
[Result "1/2-1/2"]
[WhiteElo "2412"]
[BlackElo "2467"]
[Annotator "TA"]
[PlyCount "90"]
[EventDate "2019.07.13"]
[EventType "tourn"]
[EventCountry "SRB"]
[SourceTitle "playchess.com"]
[Source "ChessBase"]
[SourceQuality "1"]

{[%evp 17,90,21,21,19,41,39,46,37,28,17,43,0,13,12,15,0,2,0,0,0,0,-10,7,0,0,0,0,0,0,0,0,0,0,0,0,0,0,-29,0,0,7,0,2,0,6,0,6,0,0,0,0,0,0,0,0,0,0,0,0,0,0,0,0,0,0,0,0,0,0,0,0,0,0,0,0]} 1. d4 Nf6 2. Bg5 d5 3. Bxf6 exf6 4. e3 Bd6 5. c4 dxc4 6. Bxc4 O-O 7. Nc3 c5 8. Nge2 Nc6 9. dxc5 Bxc5 10. O-O {D00: 1 d4 d5: Unusual lines} Bg4 (10... Bf5 11. Ng3 Bg6 12. Bd5 Rc8 13. h4 h6 14. h5 Bh7 {1-0 (28) Holmirzaev,B (2315)-Nazhmeddinov,S (2246) Tashkent 2012}) 11. h3 Bf5 $146 ({Predecessor:} 11... Qxd1 12. Rfxd1 Bxe2 13. Nxe2 Rfd8 14. a3 Rxd1+ 15. Rxd1 Rd8 16. Rxd8+ Nxd8 {½-½ (16) Perdikis,C-Florentiades,M Cyprus 2000}) 12. a3 {White is slightly better.} Rc8 13. b4 Bd6 14. Bb3 Bb8 15. Qxd8 Rfxd8 16. Rac1 Be6 17. Bxe6 fxe6 18. Ne4 Kf7 19. f4 a6 20. Rc3 Ne7 21. Rxc8 Nxc8 22. Nc5 Ba7 23. Nd4 Nd6 24. Ndxe6 Re8 25. f5 Bxc5 26. Nxc5 Rxe3 $11 {[%mdl 4096] Endgame KRN-KRN} 27. Rd1 Ke7 28. a4 {The position is equal.} h5 29. Rc1 Ke8 30. Rd1 Ke7 31. Rc1 Ke8 32. Rd1 Nxf5 33. Nxb7 Rb3 34. Nd6+ Nxd6 35. Rxd6 Rxb4 {[#] Threatens to win with ...a5.} 36. Rxa6 {KR-KR} Kf7 37. a5 Ra4 38. Ra8 Kg6 39. a6 Kg5 40. Rg8 Kg6 41. Ra8 h4 42. Kf2 Ra3 43. Rh8 Kg5 44. Rh7 g6 45. a7 f5 {Accuracy: White = 53%, Black = 75%.} 1/2-1/2

[Event "Orbis-2 GM 2019"]
[Site "Paracin"]
[Date "2019.07.19"]
[Round "9.1"]
[White "Peng, Xiongjian"]
[Black "Lim, Zhuo Ren"]
[Result "1-0"]
[WhiteElo "2467"]
[BlackElo "2217"]
[Annotator "TA"]
[PlyCount "91"]
[EventDate "2019.07.13"]
[EventType "tourn"]
[EventCountry "SRB"]
[SourceTitle "playchess.com"]
[Source "ChessBase"]
[SourceQuality "1"]

{[%evp 24,91,58,58,52,52,50,50,50,50,51,47,52,59,70,62,72,73,121,106,109,50,53,47,66,60,52,32,26,31,31,37,25,16,36,39,201,203,203,180,406,367,385,358,384,390,1100,346,346,346,346,216,224,216,210,209,313,312,447,445,512,529,1229,1140,1178,1126,1018,660,508,454]} 1. e4 c5 2. Nf3 e6 3. d4 cxd4 4. Nxd4 Nc6 5. Nc3 Qc7 6. g3 a6 7. Bg2 Nf6 8. O-O Nxd4 9. Qxd4 Bc5 10. Bf4 d6 11. Qd2 h6 12. Rad1 e5 13. Be3 Be6 {B47: Sicilian: Taimanov: 5 Nc3 Qc7 6 f4, 6 g3 and 6 Be2} 14. Bxc5 dxc5 15. Nd5 Bxd5 $1 {White is slightly better.} 16. exd5 {Black must now prevent d6.} Qd6 (16... O-O 17. d6 Qb6 18. c4 Rad8 19. Rfe1 Rfe8 20. Bh3 Nh7 21. f4 {1-0 (60) Vidit,S (2715)-Van Foreest,J (2629) Riadh 2017}) 17. c4 O-O 18. Bh3 $146 ({Predecessor:} 18. Rfe1 Rfe8 19. Re2 Re7 20. Rde1 Rae8 21. Qa5 {1-0 (45) Lukasiewicz,K (2223)-Hesse,H (2166) Marianske Lazne 2019}) 18... Rad8 19. Rfe1 Rfe8 20. Re3 e4 21. Rde1 Re7 22. Qa5 (22. Bf5 $16) 22... Rde8 $14 23. Bg2 h5 24. a3 b5 25. cxb5 (25. b3 {with more complications.} h4 26. Qc3 Qd7 27. gxh4 Qd6 28. h3) 25... axb5 26. Qxb5 Qxd5 27. Qb3 Qd4 28. Qc2 Rb8 29. b3 Ng4 $2 (29... g6 $14) 30. Rxe4 $18 Rxe4 31. Bxe4 Rxb3 $2 {[#]} (31... c4 {was worth a try.} 32. bxc4 g6) 32. Rd1 $1 {[%cal Rd1d4]} Qf6 33. h3 ({Weaker is} 33. Qxc5 g6 $16) 33... Nxf2 34. Qxf2 ({Not} 34. Qxb3 Nxe4 35. Qb8+ Kh7 $16) 34... Rxa3 $2 (34... Qxf2+ 35. Kxf2 Kf8) 35. Qxf6 $2 (35. Qf4 {White threatens Qb8+ and mate.} Rxg3+ 36. Qxg3) 35... gxf6 {[%mdl 4096] Endgame KRB-KR} 36. Kg2 h4 37. g4 Rg3+ 38. Kh2 Re3 39. Bd5 f5 (39... Re2+ {might work better.} 40. Bg2 Rc2) 40. Rf1 ({Don't play} 40. gxf5 Kg7 $18) 40... fxg4 (40... Re2+ $142 41. Kg1 Re5) 41. hxg4 {White is clearly winning.} Kg7 42. Rxf7+ Kg6 43. Rf3 Re5 44. Bf7+ Kg7 45. Kh3 Re7 46. Bb3 {Accuracy: White = 60%, Black = 35%.} 1-0